Formas que preceden a la producción capitalista

Guardat en:
Dades bibliogràfiques
Autor principal: Marx, Karl Heinrich (autor)
Format: Llibre
Idioma:espanyol
Publicat: Córdoba Pasado y Presente 1972
Edició:2a. ed
Col·lecció:Cuadernos de Pasado y Presente, 20
Matèries:
Etiquetes: Afegir etiqueta
Sense etiquetes, Sigues el primer a etiquetar aquest registre!

MARC

LEADER 00000nam a2200000 a 4500
001 UCL2540
003 CL-VaPUC
005 20220107074153.0
008 031024e19720000AG |||||||||||||||||spa|d
999 |c 305837  |d 305835 
040 |c Pontificia Universidad Católica de Valparaíso 
082 0 4 |a 330.122  |b MAR  |2 21 
100 |a Marx, Karl Heinrich  |e autor  |9 863668 
245 1 0 |a Formas que preceden a la producción capitalista 
250 |a 2a. ed 
260 |a Córdoba  |b Pasado y Presente  |c 1972 
300 |a 104 p 
490 0 |a Cuadernos de Pasado y Presente, 20 
583 |a last modification  |c 20031024 00:00:00  |k Rodrigo Vera 
650 0 |a Capitalismo  |9 255255 
650 7 |a SISTEMAS ECONOMICOS  |2 CL-VaPUC  |9 479659 
650 7 |a FILOSOFIA POLITICA  |2 CL-VaPUC  |9 479660 
650 0 |a Teorías económicas  |9 270968 
942 |c BK  |2 ddc 
945 |d 20031024 00:00:00  |a cmena 
952 |0 0  |1 0  |4 0  |6 330_122000000000000_MAR_1972  |7 0  |8 A  |9 370307  |a BIBHIS  |b BIBHIS  |d 2019-11-21  |i 3951782  |o 330.122 MAR 1972  |p 3951782  |r 2025-01-20  |w 2019-11-21  |y BK  |k HIS